| 000 | 00733nam a2200193 a 4500 | ||
|---|---|---|---|
| 003 | 0 | ||
| 005 | 20250228091413.0 | ||
| 008 | 100819s19uu xx 00 eng d | ||
| 050 |
_aPGS LB 3409 _b.N334 2010 |
||
| 100 | _aNazaire, Benz Bryan M. | ||
| 245 |
_aStudent attendance of high school students / _cBenz Bryan M. Nazaire. |
||
| 260 |
_aLas PiƱas City, Philippines : _bSouthville International School and Colleges, _c2010. |
||
| 300 |
_a27 pages : _billustrations ; _c28 cm. |
||
| 504 | _aIncludes bibliographical references. | ||
| 650 |
_aSchool attendance _vHigh school students. |
||
| 650 |
_aStudent attitudes _vSchool attendance. |
||
| 650 |
_aGender differences in education _vAttendance rates. |
||
| 942 |
_2lcc _cPASS |
||
| 999 |
_c98394 _d98394 |
||